000
00174 a2200085 4500
041
_a
spa
100
_a
Anonimo
245
_a
revista del patrimonio nacional aò¨ xx
942
_c
BK
999
_c
10026
_d
10026